000 00751nam a2200205Ii 4500
003 JO-AjNU
008 230605s9999||||xx |||||||||||||| ||und||
017 _a2012/10/3878
040 _aJO-AjNU
_bara
_erda
_cJO-AjNU
041 _aara
050 1 4 _aKMM146.A29.2013
100 3 _aالزعبي، تيسير أحمد,
_eauthor
_949992
245 0 0 _aموسوعة الاردن القانونية : مجموعة التشريعات التجارية
264 3 1 _aعمان: د،ن، 2013
300 _a272ص
336 _atext
_btxt
_2rdacontent
337 _aunmediated
_bn
_2rdamedia
338 _avolume
_bnc
_2rdacarrier
650 4 _aالقانون التجاري -- الاردن -- التجارة -- قوانين وانظمة -- الاردن
_949993
999 _aA21993
_c25561
_d25561